000
00302cam a22001097a 4500
008
180718b-- xxu||||| |||| 00| 0 eng d
082
_a
A45:K12 RAJA
100
_a
Rajasthan Public Service Commission
245
_a
Annual report
260
_a
Jaipur
_b
The author
_c
--
500
_a
Library has 2004/05, 2008/09
999
_c
499090
_d
499090